000 00586nam a2200205Ia 4500
999 _c33
_d33
008 190719s2016 xxka|||g||||||||| ||eng||
020 _c£ 135.00
040 _aKO
_beng
041 0 _aeng
044 _axxk
082 0 4 _223
_a623.888
_bIn821/B
110 _aInternational Chamber of Shipping (London)
245 0 _aBridge Procedures Guide /
_cInternational Chamber of Shipping
250 _a5th ed.
260 _aLondon :
_bMarisec Publications,
_c2016
300 _a136 p.
_b : ill.
_c; 30 cm +
_e1 CD-ROM
650 _aNavigation
_xSafety measures
942 _2ddc
_cBK